00549pab a2200181 454500008004000000100002100040245003900061260000900100300001500109362001100124650002200135700002300157773004600180908000600226909001100232999001900243952010500262180718b2014 xxu||||| |||| 00| 0 eng d aColeman, Eric A. aProperty rights and forest commons c2014 ap.647-668. aSummer aRight to property aLiebertz, Scott S. aJournal of Policy Analysis and Management aN a105091 c105086d105086 00104070aIIPAbIIPAd2018-07-19hVolume no: 33, Issue no: 3pAR105551r2018-07-19w2018-07-19yAR